000 00380nam a22001577a 4500
003 MPLRDC
005 20220104114319.0
008 210129b ||||| |||| 00| 0 eng d
082 _a547.9 CDCB
100 _a不详
245 _a中国帮会史
_c
260 _a
_b现代出版公司
_c1969
300 _b
650 _a社会事业及团体--中国
942 _cBK
_o547.9 CDCB
999 _c6512
_d6502